New Testament men of faith. (Record no. 5089)

000 -LEADER
fixed length control field 00673nam a2200193 a 4500
001 - CONTROL NUMBER
control field :::00002830$&:&@@
003 - CONTROL NUMBER IDENTIFIER
control field OkBaRHE
005 - DATE AND TIME OF LATEST TRANSACTION
control field 20000607103257.0
008 - FIXED-LENGTH DATA ELEMENTS--GENERAL INFORMATION
fixed length control field s1979 j 000 0 eng u
040 ## - CATALOGING SOURCE
Transcribing agency
100 1# - MAIN ENTRY--PERSONAL NAME
Personal name Meyer, F. B. (Frederick Brotherton).
245 10 - TITLE STATEMENT
Title New Testament men of faith.
260 ## - PUBLICATION, DISTRIBUTION, ETC. (IMPRINT)
Place of publication, distribution, etc Westchester, IL., :
Name of publisher, distributor, etc Good News Publishers
Date of publication, distribution, etc c1979
300 ## - PHYSICAL DESCRIPTION
Extent 232 p. ;
Dimensions 20 cm.
650 ## - SUBJECT ADDED ENTRY--TOPICAL TERM
Topical term or geographic name as entry element Bible New Testament Biography
942 ## - ADDED ENTRY ELEMENTS (KOHA)
Source of classification or shelving scheme
Koha item type Books
Copies
Shelving location Not for loan Full call number Damaged status Date last seen Permanent Location Price effective from Withdrawn status Source of classification or shelving scheme Barcode Lost status Koha item type Copy number Date acquired
General Stacks BS 2430 .M37 2018-03-16RHEMA Bible Training College2010-04-14  2830 Books12010-04-14
General Stacks BS 2430 .M37 2018-03-16RHEMA Bible Training College2010-04-14  15486 Books22010-04-14